| 000 | 00906nam a2200217Ia 4500 | ||
|---|---|---|---|
| 003 | GCL | ||
| 008 | 140319s9999 xx 000 0 ara d | ||
| 020 | _a8751305977 | ||
| 040 |
_aGCL / _cGCL |
||
| 082 | 0 | 4 |
_a782.22 _bا د |
| 100 | 1 | _aابوالقاسم هبة الله بن جغفر بن سناء الملك ابى عبدالله بن هبه الله السعدى | |
| 245 | 1 | 0 |
_aدار الطراز فى عمل الموشحات / _cابوالقاسم هبة الله بن جغفر بن سناء الملك ابى عبدالله بن هبه الله السعدى |
| 260 |
_aالقاهرة : _bالهيئة العامة لقصور الثقافة ، _c2004 |
||
| 300 |
_a176 ص ؛ _c25 سم |
||
| 490 |
_aالذخائر _v120 |
||
| 650 | 0 | 4 | _aالموشحات |
| 650 | 0 | 4 | _aالموسيقى الدينية |
| 650 | 0 | 4 | _aالموشح |
| 650 | 0 | 4 | _aالموشح - تاريخ ونقد |
| 942 |
_2ddc _cBK |
||
| 999 |
_c7731 _d7731 |
||